000
00283nam a22001217a 4500
082
_a
823
_b
BLY/C
100
_a
ENID BLYTON
245
_a
THE CASTLE OF ADVENTURE
260
_a
LONDON
_b
MACMILLAN & CO
_c
1946
300
_a
189
650
_a
CHILDRENS STORY BOOK
_z
UNITED KINGDOM
942
_c
BK
999
_c
200
_d
200